header

STAIRS 2008 (Record no. 24306)

MARC details
000 -LEADER
fixed length control field 01531nam a2200349Ia 4500
245 10 - TITLE STATEMENT
Title STAIRS 2008
260 ## - PUBLICATION, DISTRIBUTION, ETC. (IMPRINT)
Place of publication Amsterdam ;
-- Washington, D.C. :
Name of publisher IOS Press,
Year of publication 2008.
300 ## - PHYSICAL DESCRIPTION
Number of Pages viii, 213 p. :
Other physical details ill.
490 1# - SERIES STATEMENT
Series statement Frontiers in artificial intelligence and applications,
650 #0 - SUBJECT ADDED ENTRY--TOPICAL TERM
Topical Term Artificial intelligence
Topical Term Intelligent control systems
700 1# - ADDED ENTRY--PERSONAL NAME
Personal name Cesta, Amedeo.
Personal name Fakotakis, Nikos.
856 40 - ELECTRONIC LOCATION AND ACCESS
Uniform Resource Identifier http://site.ebrary.com/lib/rucke/Doc?id=10267441

No items available.

© 2026 Rongo University
Contact us: librarian | system librarian | Rongo university